| 000 | 00663cam a2200145 4500500 | ||
|---|---|---|---|
| 005 | 20251228083130.0 | ||
| 041 | _afre | ||
| 042 | _adc | ||
| 100 | 1 | 0 |
_aQuantin, Jean-Louis _eauthor |
| 245 | 0 | 0 | _aMichèle Virol, Au cœur des querelles politiques et religieuses sous Louis XIV. Vincent Ragot de Beaumont, Mont-Saint-Aignan, Presses universitaires de Rouen et du Havre, 2013, 286 p.- xviii p. de pl. en coul., 24 x 15,5 cm. |
| 260 | _c2015. | ||
| 500 | _a96 | ||
| 786 | 0 | _nDix-septième siècle | 267 | 2 | 2015-04-09 | p. 367b-376b | 0012-4273 | |
| 856 | 4 | 1 | _uhttps://shs.cairn.info/revue-dix-septieme-siecle-2015-2-page-367b?lang=fr&redirect-ssocas=7080 |
| 999 |
_c1600658 _d1600658 |
||